| 000 -LEADER |
| fixed length control field |
01092pab a2200193 454500 |
| 008 - FIXED-LENGTH DATA ELEMENTS--GENERAL INFORMATION |
| fixed length control field |
180718b2011 xxu||||| |||| 00| 0 eng d |
| 100 ## - MAIN ENTRY--PERSONAL NAME |
| Personal name |
Kshirsagar, J.B. |
| 245 ## - TITLE STATEMENT |
| Title |
Challenges for improved and sustainable delivery of urban infrastructure services |
| 260 ## - PUBLICATION, DISTRIBUTION, ETC. |
| Date of publication, distribution, etc. |
2011 |
| 300 ## - PHYSICAL DESCRIPTION |
| Extent |
p.1-13. |
| 362 ## - DATES OF PUBLICATION AND/OR SEQUENTIAL DESIGNATION |
| Dates of publication and/or sequential designation |
Jan-Mar |
| 520 ## - SUMMARY, ETC. |
| Summary, etc. |
Urban infrastructure development is indispensable for overall development. In this dynamic and competitive global economy, development and investment will have to move, where there is infrastructure to support opportunity. In addition to create a facilitating environment for economic development, urban infrastructure development has many direct and indirect multiplier effects on the local economy and other sectors as well. With the implementation of JNNURM as well as the reforms, it is expected that cities will emerge as the engine of growths and move forward as self-sustaining entities. - Reproduced. |
| 650 ## - SUBJECT ADDED ENTRY--TOPICAL TERM |
| Topical term or geographic name entry element |
Basic urban services |
| 650 ## - SUBJECT ADDED ENTRY--TOPICAL TERM |
| Topical term or geographic name entry element |
Urbanisation |
| 700 ## - ADDED ENTRY--PERSONAL NAME |
| Personal name |
Srinivas, R. |
| 773 ## - HOST ITEM ENTRY |
| Main entry heading |
Nagarlok |
| 908 ## - PUT COMMAND PARAMETER (RLIN) |
| Put command parameter |
N |
| 909 ## - |
| -- |
92293 |